[Event "Danmarksmesterskabet 1987"]
[Site "Holstebro"]
[Date "1987.04.16"]
[Round "7"]
[White "Schandorff, Lars"]
[Black "Sahl, Bjarke"]
[Result "1-0"]
[WhiteElo "2403"]
[BlackElo "2405"]
[EventDate "1987.04.10"]
[EventType "Round Robin"]
[EventRounds "11"]
[EventCountry "Denmark"]
[SourceTitle "Gl Danbase"]

1. d4 d5 2. c4 e6 3. Nf3 Nf6 4. Nc3 Be7 5. Bg5 h6 6. Bxf6 Bxf6 7. e3 O-O 8. Rc1 b6 9. Bd3 Bb7 10. O-O Nd7 11. Qe2 Qe7 12. e4 dxe4 13. Bxe4 Bxe4 14. Nxe4 c5 15. dxc5 Nxc5 16. Nxf6+ Qxf6 17. b4 Na6 18. a3 Rac8 19. Ne5 Rc7 20. Rfd1 Nb8 21. Rd6 Qf5 22. Rcd1 f6 23. Ng4 e5 24. Ne3 Qc8 25. Qd3 Nc6 26. Nf5 Ne7 27. Nxe7+ Rxe7 28. Qd5+ Kh7 29. c5 bxc5 30. bxc5 e4 31. c6 Re5 32. Qc4 Qf5 33. Rc1 Rc8 34. h3 Rc7 35. Qd4 Re6 36. Rc5 Rxd6 37. Qxd6 Qc8 38. a4 a6 39. a5 Kh8 40. Rc4 Qb8 41. Rxe4 Qb1+ 42. Kh2 Qxe4 43. Qxc7 Kh7 1-0

[Event "Danmarksmesterskabet 1987"]
[Site "Holstebro"]
[Date "1987.04.19"]
[Round "10"]
[White "Fries Nielsen, Jens Ove"]
[Black "Friis, Carsten Bank"]
[Result "1/2-1/2"]
[WhiteElo "2394"]
[BlackElo "2366"]
[EventDate "1987.04.10"]
[EventType "Round Robin"]
[EventRounds "11"]
[EventCountry "Denmark"]
[SourceTitle "Gl Danbase"]

1. d4 Nf6 2. c4 e6 3. Nc3 d5 4. cxd5 exd5 5. Bg5 Be7 6. e3 c6 7. Bd3 O-O 8. Qc2 Nbd7 9. Nf3 Re8 10. O-O Nf8 11. a3 Ne4 12. Bf4 Nf6 13. b4 a6 14. h3 Bd6 15. Bxd6 Qxd6 16. Ne5 N6d7 17. Nf3 Nf6 18. Na4 h6 19. Nb6 Rb8 20. Qc5 Qd8 21. Nxc8 Rxc8 22. a4 Ne4 23. Bxe4 Rxe4 24. Rac1 Nd7 25. Qc2 Re6 26. b5 axb5 27. axb5 Nb6 28. Qe2 Nc4 29. bxc6 Rcxc6 30. Ne1 Qf6 31. Rc2 b5 32. Nd3 Qe7 33. Nf4 Red6 34. Ra1 g6 35. Qe1 Rd8 36. Rb1 Rf6 37. Qb4 Qe4 38. Rc3 Ra8 39. Rf1 g5 40. Nh5 Rb6 41. Qxb5 Rxb5 42. Nf6+ Kg7 43. Nxe4 Raa5 44. Ng3 Rb2 45. e4 1/2-1/2

[Event "Danmarksmesterskabet 1987"]
[Site "Holstebro"]
[Date "1987.04.10"]
[Round "1"]
[White "Hoi, Carsten"]
[Black "Friis, Carsten Bank"]
[Result "1/2-1/2"]
[WhiteElo "2411"]
[BlackElo "2366"]
[EventDate "1987.04.10"]
[EventType "Round Robin"]
[EventRounds "11"]
[EventCountry "Denmark"]
[SourceTitle "Gl Danbase"]

1. d4 d5 2. c4 e6 3. Nc3 Nf6 4. cxd5 exd5 5. Bg5 Be7 6. e3 O-O 7. Bd3 c6 8. Qc2 Nbd7 9. Nge2 Re8 10. O-O-O Ne4 11. Bxe4 dxe4 12. Bf4 f5 13. Nd5 Bd6 14. Bxd6 cxd5 15. Kb1 Nf6 16. Be5 Ng4 17. Bg3 Bd7 18. Qb3 Bc6 19. h3 Nh6 20. Bf4 Nf7 21. g4 Qd7 22. Nc3 b5 23. gxf5 a5 24. a3 1/2-1/2

[Event "Danmarksmesterskabet 1987"]
[Site "Holstebro"]
[Date "1987.04.20"]
[Round "11"]
[White "Jelling, Erik"]
[Black "Sahl, Bjarke"]
[Result "0-1"]
[WhiteElo "2382"]
[BlackElo "2405"]
[EventDate "1987.04.10"]
[EventType "Round Robin"]
[EventRounds "11"]
[EventCountry "Denmark"]
[SourceTitle "Gl Danbase"]

1. d4 Nf6 2. Nf3 c5 3. c3 cxd4 4. cxd4 d5 5. Nc3 e6 6. Bg5 Bd7 7. e3 Bb4 8. Rc1 Qa5 9. Bxf6 gxf6 10. a3 Bd6 11. Bd3 a6 12. O-O f5 13. Qd2 Qd8 14. b4 O-O 15. Qb2 Qe7 16. Ra1 Nc6 17. Rfc1 Kh8 18. Na4 Rg8 19. Nc5 Be8 20. Ne5 Nd8 21. f4 f6 22. Nf3 Bh5 23. Ne1 Nf7 24. a4 Rg7 25. Kh1 Nh6 26. Bf1 Rag8 27. a5 e5 28. Ncd3 Ng4 29. Qd2 exf4 30. exf4 Ne3 31. Qf2 Nxf1 32. Qxf1 Be2 33. Qf2 Bxd3 34. Nxd3 Rxg2 35. Re1 Rxf2 36. Rxe7 Rd2 37. Rd7 Bb8 38. Rg1 Rxd3 39. Rxg8+ Kxg8 40. Rd8+ Kg7 41. Rxb8 Rxd4 42. Rxb7+ Kg6 43. b5 axb5 44. Rxb5 Rxf4 45. Rxd5 Rf2 46. Rd8 Ra2 47. Ra8 Kg5 48. a6 Kf4 49. a7 Kf3 50. h3 h5 51. Kg1 f4 52. Kh1 h4 53. Kg1 f5 54. Rb8 Rxa7 55. Rb3+ Ke4 56. Rb4+ Ke5 57. Rb5+ Kf6 58. Rb6+ Kg5 59. Rb3 Ra2 60. Kf1 Rd2 61. Rf3 Rc2 62. Ra3 Kf6 63. Ra8 Ke5 64. Ra4 Rd2 65. Ke1 Rd4 66. Ra3 Ke4 67. Kf2 Rd2+ 68. Kg1 f3 69. Ra8 Kf4 70. Kf1 Rh2 71. Rh8 Rxh3 72. Kg1 Rg3+ 73. Kf1 Rg4 74. Kf2 Rg2+ 75. Kf1 Ra2 76. Kg1 Ra1+ 77. Kf2 Rh1 78. Rh7 h3 79. Rh4+ Kg5 80. Rh8 Kg4 81. Ke3 Re1+ 82. Kf2 Re2+ 83. Kf1 Ra2 84. Rg8+ Kf4 85. Rh8 h2 86. Rh7 Ke5 0-1

[Event "Danmarksmesterskabet 1987"]
[Site "Holstebro"]
[Date "1987.04.11"]
[Round "2"]
[White "Fries Nielsen, Jens Ove"]
[Black "Pedersen, Erik"]
[Result "0-1"]
[WhiteElo "2394"]
[BlackElo "2440"]
[EventDate "1987.04.10"]
[EventType "Round Robin"]
[EventRounds "11"]
[EventCountry "Denmark"]
[SourceTitle "Gl Danbase"]

1. e4 c6 2. d4 d5 3. exd5 cxd5 4. c4 Nf6 5. Nc3 e6 6. Nf3 Bb4 7. cxd5 Nxd5 8. Qc2 Nc6 9. Bd3 h6 10. O-O O-O 11. Be3 Bd6 12. a3 Nxe3 13. fxe3 b6 14. Rad1 Bb7 15. Kh1 Rc8 16. Qe2 Bb8 17. Bb1 Qe7 18. Ba2 Rcd8 19. Qc2 Kh8 20. Bb1 f5 21. Ba2 g5 22. d5 exd5 23. Nxd5 Qg7 24. Kg1 Ne5 25. Nxe5 Qxe5 26. Qc3 Qxc3 27. Nxc3 f4 28. e4 Be5 29. Bd5 Ba6 30. Rfe1 g4 31. Rd2 f3 32. Nd1 Bf4 33. Rf2 Be2 34. Rfxe2 fxe2 35. Rxe2 Be5 36. g3 Rc8 37. Kg2 Rc1 38. Rd2 Rd8 39. Nf2 Rb1 40. Nd3 Bd4 41. h3 h5 42. hxg4 hxg4 43. b3 Rg1+ 44. Kh2 Kg7 45. Nf2 Bxf2 46. Rxf2 Ra1 47. Rf4 Rh8+ 48. Kg2 Ra2+ 49. Kg1 Rhh2 50. e5 Rhd2 51. Rxg4+ Kh6 52. Bc4 Ra1+ 53. Bf1 Re2 54. Rh4+ Kg5 55. a4 Rb1 56. b4 Rxe5 57. Kg2 Re3 58. Rh7 Rxb4 59. Rxa7 Ra3 60. Rg7+ Kf6 61. Rb7 Raxa4 62. Kh3 Ra3 63. Be2 Re3 64. Bf1 Re5 65. g4 Rb1 66. Bg2 Rb2 67. Kg3 b5 68. Bf1 b4 69. Bc4 Rc5 70. Bg8 Rc1 71. Rb5 Rg1+ 72. Kf3 Rbb1 73. Bc4 Rb2 74. Kf4 Ke7 75. g5 Kd6 76. Kf5 Rc1 77. Bf7 Rf2+ 78. Kg6 Rc7 79. Bb3 Rf4 80. Rb6+ Kc5 81. Rf6 Rg4 82. Rf3 Kd4 83. Kf5 Rg1 84. Rf4+ Kc3 85. Rf3+ Kb2 86. Be6 Rc3 87. Rf2+ Kb1 88. Rf4 b3 89. Rb4 b2 0-1

[Event "Danmarksmesterskabet 1987"]
[Site "Holstebro"]
[Date "1987.04.19"]
[Round "10"]
[White "Schandorff, Lars"]
[Black "Danielsen, Henrik"]
[Result "0-1"]
[WhiteElo "2403"]
[BlackElo "2401"]
[EventDate "1987.04.10"]
[EventType "Round Robin"]
[EventRounds "11"]
[EventCountry "Denmark"]
[SourceTitle "Gl Danbase"]

1. d4 d5 2. c4 dxc4 3. Nf3 Nf6 4. e3 e6 5. Bxc4 c5 6. O-O a6 7. a4 Nc6 8. Nc3 cxd4 9. exd4 Be7 10. Re1 O-O 11. Bg5 Nb4 12. Ne5 Bd7 13. Qb3 Bc6 14. Rad1 Bd5 15. Bxf6 gxf6 16. Bxd5 fxe5 17. Bxb7 Rb8 18. dxe5 Qc7 19. Be4 Kh8 20. Nb1 Qxe5 21. Bxh7 Qh5 22. Be4 Nd5 23. Qd3 Nf4 24. Qe3 Bg5 25. Qc3+ Kg8 26. Kh1 Rfc8 27. Qe5 Qh6 28. Rc1 Nd3 29. Rxc8+ Rxc8 30. Bxd3 Bf4 0-1

[Event "Danmarksmesterskabet 1987"]
[Site "Holstebro"]
[Date "1987.04.14"]
[Round "5"]
[White "Danielsen, Henrik"]
[Black "Friis, Carsten Bank"]
[Result "1-0"]
[WhiteElo "2401"]
[BlackElo "2366"]
[EventDate "1987.04.10"]
[EventType "Round Robin"]
[EventRounds "11"]
[EventCountry "Denmark"]
[SourceTitle "Gl Danbase"]

1. d4 Nf6 2. Nf3 e6 3. g3 d5 4. Bg2 Be7 5. O-O O-O 6. c4 c5 7. cxd5 Nxd5 8. e4 Nb6 9. Nc3 cxd4 10. Nxd4 Bd7 11. a4 a6 12. Qb3 Nc6 13. Rd1 Nxd4 14. Rxd4 Bc5 15. Rd3 a5 16. Bf4 Qe7 17. Rad1 Bc6 18. Bd6 Bxd6 19. Rxd6 Nc8 20. R6d4 e5 21. Nd5 Qc5 22. Rc4 Qa7 23. Qa3 Bxd5 24. exd5 Qa6 25. Re4 Qf6 26. d6 Na7 27. Rc4 Rad8 28. Bxb7 Rd7 29. Rc7 Rfd8 30. Rxd7 Rxd7 31. Qc5 Rxb7 32. Qxa5 Rd7 33. b4 g6 34. b5 Nc8 35. Qa8 Rd8 36. d7 Nb6 37. Qc6 Kg7 38. Rd6 Qf5 39. Qxb6 Qb1+ 40. Kg2 Qe4+ 41. f3 Qc2+ 42. Qf2 Qxa4 43. Qb2 f6 44. b6 Qa6 45. Rd2 Qb7 46. Qb4 Kh6 47. Rd6 e4 48. Qxe4 Rxd7 49. Qf4+ Kg7 50. Rxd7+ 1-0

[Event "Danmarksmesterskabet 1987"]
[Site "Holstebro"]
[Date "1987.04.12"]
[Round "3"]
[White "Hoi, Carsten"]
[Black "Fries Nielsen, Jens Ove"]
[Result "1/2-1/2"]
[WhiteElo "2411"]
[BlackElo "2394"]
[EventDate "1987.04.10"]
[EventType "Round Robin"]
[EventRounds "11"]
[EventCountry "Denmark"]
[SourceTitle "Gl Danbase"]

1. d4 Nf6 2. c4 e6 3. Nc3 Bb4 4. e3 c5 5. Nge2 cxd4 6. exd4 O-O 7. a3 Be7 8. Nf4 d5 9. cxd5 Nxd5 10. Ncxd5 exd5 11. Bd3 Nc6 12. Be3 Bg5 13. O-O Bxf4 14. Bxf4 Qf6 15. Be3 Bf5 16. Bb5 a6 17. Be2 Rfe8 18. Qd2 Be4 19. f3 Bf5 20. b4 Qe7 21. Kf2 1/2-1/2

[Event "Danmarksmesterskabet 1987"]
[Site "Holstebro"]
[Date "1987.04.12"]
[Round "3"]
[White "Danielsen, Henrik"]
[Black "Sloth, Jorn"]
[Result "1/2-1/2"]
[WhiteElo "2401"]
[BlackElo "2381"]
[EventDate "1987.04.10"]
[EventType "Round Robin"]
[EventRounds "11"]
[EventCountry "Denmark"]
[SourceTitle "Gl Danbase"]

1. d4 Nf6 2. Nf3 e6 3. c4 Bb4+ 4. Bd2 Qe7 5. g3 Nc6 6. Bg2 Bxd2+ 7. Nbxd2 d6 8. O-O O-O 9. e4 a5 10. Qc2 e5 11. d5 Nb8 12. Nh4 Na6 13. a3 g6 14. b3 Bd7 15. Qc3 Nc5 16. Rfe1 Nh5 17. Bf1 Qg5 18. Ng2 b6 19. b4 Na4 20. Qc2 f5 21. exf5 gxf5 22. Be2 Qh6 23. f4 e4 24. Bxh5 Qxh5 25. Nb3 Qf7 26. Ne3 Qf6 27. Rab1 axb4 28. axb4 Qc3 29. Qxc3 Nxc3 30. Ra1 Kf7 31. Nd4 Kf6 32. Kf2 Ra2+ 33. Rxa2 Nxa2 34. Rb1 Ra8 35. Ra1 Ra4 36. Ndc2 Nxb4 37. Rxa4 Nd3+ 38. Ke2 Bxa4 39. Nd4 Bd7 40. Kd2 Nc5 41. Kc3 Nd3 42. Nc6 h5 43. Nb8 Bc8 44. Nc6 h4 45. Nb4 Nxb4 46. Kxb4 hxg3 47. hxg3 Bd7 1/2-1/2

[Event "Danmarksmesterskabet 1987"]
[Site "Holstebro"]
[Date "1987.04.20"]
[Round "11"]
[White "Sloth, Jorn"]
[Black "Schandorff, Lars"]
[Result "1/2-1/2"]
[WhiteElo "2381"]
[BlackElo "2403"]
[EventDate "1987.04.10"]
[EventType "Round Robin"]
[EventRounds "11"]
[EventCountry "Denmark"]
[SourceTitle "Gl Danbase"]

1. d4 Nf6 2. c4 g6 3. g3 Bg7 4. Bg2 d5 5. cxd5 Nxd5 6. Nf3 O-O 7. O-O Nb6 8. Nc3 Nc6 9. e3 Re8 10. h3 e5 11. d5 Na5 12. e4 c6 13. dxc6 Nxc6 14. b3 Nd4 15. Bb2 Bd7 16. Qd3 Bc6 17. Rfe1 Nd7 18. Rad1 Nc5 19. Qb1 Nce6 20. Nxd4 Nxd4 21. Ne2 Nxe2+ 22. Rxe2 Qe7 23. Rc2 Rad8 24. Bc3 Qc7 25. Rxd8 Rxd8 26. Rd2 1/2-1/2

[Event "Danmarksmesterskabet 1987"]
[Site "Holstebro"]
[Date "1987.04.16"]
[Round "7"]
[White "Sloth, Jorn"]
[Black "Brinck Claussen, Bjorn"]
[Result "1/2-1/2"]
[WhiteElo "2381"]
[BlackElo "2425"]
[EventDate "1987.04.10"]
[EventType "Round Robin"]
[EventRounds "11"]
[EventCountry "Denmark"]
[SourceTitle "Gl Danbase"]

1. d4 Nf6 2. Nf3 g6 3. g3 Bg7 4. Bg2 O-O 5. c4 c6 6. O-O d5 7. cxd5 cxd5 8. Nc3 Ne4 9. Ne5 Nxc3 10. bxc3 Nc6 11. Nxc6 bxc6 12. Ba3 Re8 13. Qa4 1/2-1/2

[Event "Danmarksmesterskabet 1987"]
[Site "Holstebro"]
[Date "1987.04.18"]
[Round "9"]
[White "Jelling, Erik"]
[Black "Schandorff, Lars"]
[Result "1/2-1/2"]
[WhiteElo "2382"]
[BlackElo "2403"]
[EventDate "1987.04.10"]
[EventType "Round Robin"]
[EventRounds "11"]
[EventCountry "Denmark"]
[SourceTitle "Gl Danbase"]

1. d4 Nf6 2. c4 g6 3. Nf3 Bg7 4. Nc3 d5 5. Bg5 Ne4 6. cxd5 Nxg5 7. Nxg5 e6 8. Nf3 exd5 9. e3 Qd6 10. Be2 O-O 11. O-O c6 12. Na4 Nd7 13. Rc1 b6 14. a3 Bb7 15. Qc2 Rfc8 16. Rfd1 c5 17. dxc5 Nxc5 18. Nxc5 bxc5 19. Ne1 d4 20. Bf3 Qb6 21. Bxb7 Qxb7 22. exd4 Bxd4 23. Nf3 Bg7 24. Rb1 Rab8 25. Nd2 Qc6 26. Nc4 Rd8 27. Rxd8+ Rxd8 28. Rd1 Re8 29. Qd3 Bd4 30. Kf1 Qc7 31. Qg3 Qe7 32. Qf3 Qh4 33. h3 Re6 34. Qg3 Bxf2 35. Qxh4 Bxh4 36. g4 Rf6+ 37. Ke2 Rf4 38. Rc1 Rf2+ 39. Kd1 Bf6 40. Rc2 Rf1+ 41. Ke2 Rh1 42. Rd2 Rxh3 43. Rd7 Bxb2 44. Rxa7 Rc3 45. Nd6 Rxa3 46. Rb7 Bd4 47. Nxf7 h5 48. Nh6+ Kh8 49. gxh5 Re3+ 50. Kd2 gxh5 51. Nf5 Rf3 52. Nxd4 cxd4 53. Rb5 Rh3 54. Rd5 Rh2+ 55. Kd3 Kg7 56. Rxd4 Kh6 57. Ke3 Rg2 58. Kf3 1/2-1/2

[Event "Danmarksmesterskabet 1987"]
[Site "Holstebro"]
[Date "1987.04.16"]
[Round "7"]
[White "Danielsen, Henrik"]
[Black "Fries Nielsen, Jens Ove"]
[Result "0-1"]
[WhiteElo "2401"]
[BlackElo "2394"]
[EventDate "1987.04.10"]
[EventType "Round Robin"]
[EventRounds "11"]
[EventCountry "Denmark"]
[SourceTitle "Gl Danbase"]

1. c4 Nf6 2. Nc3 d6 3. d4 g6 4. e4 Bg7 5. Nf3 O-O 6. Be2 Nbd7 7. O-O e5 8. Qc2 c6 9. Rd1 Qe7 10. b3 exd4 11. Nxd4 Nc5 12. f3 Nh5 13. Bf1 a5 14. g4 Nf6 15. Bf4 Nfd7 16. Bg3 Ne5 17. Bg2 h5 18. gxh5 gxh5 19. Kh1 h4 20. Bf2 Qf6 21. Nf5 Bxf5 22. exf5 Ned3 23. Ne4 Qxf5 24. Bxh4 Bxa1 25. Rxa1 Nxe4 26. fxe4 Qh5 27. Be7 Qe5 28. Rg1 Nf4 29. Qd2 Ng6 30. Bxd6 Rfd8 31. Rd1 Qe6 32. c5 Kg7 33. Qc3+ f6 34. Rg1 Rh8 35. Qf3 Rae8 36. Qf5 Kf7 0-1

[Event "Danmarksmesterskabet 1987"]
[Site "Holstebro"]
[Date "1987.04.13"]
[Round "4"]
[White "Brinck Claussen, Bjorn"]
[Black "Fries Nielsen, Niels Jorgen"]
[Result "1-0"]
[WhiteElo "2425"]
[BlackElo "2377"]
[EventDate "1987.04.10"]
[EventType "Round Robin"]
[EventRounds "11"]
[EventCountry "Denmark"]
[SourceTitle "Gl Danbase"]

1. d4 Nf6 2. c4 c5 3. d5 e5 4. Nc3 d6 5. e4 g6 6. Be2 Bg7 7. Nf3 O-O 8. Bg5 h6 9. Bh4 Nbd7 10. Nd2 Re8 11. g4 Nf8 12. Bg3 Qd7 13. f3 h5 14. g5 N6h7 15. h4 Qd8 16. Bf2 a6 17. a3 Bd7 18. b4 b6 19. Bd3 Qc7 20. Be3 Reb8 21. b5 a5 22. Qc2 Qd8 23. O-O-O Qe7 24. Nf1 f6 25. gxf6 Qxf6 26. Qg2 Be8 27. Ne2 Ra7 28. Ng1 Rf7 29. Nd2 Qe7 30. Qg3 Rb7 31. Ne2 Qd8 32. Rdg1 Rf6 33. Kc2 Rbf7 34. Rg2 Bd7 35. Rhg1 Qc8 36. Nc3 Qd8 37. Be2 Rf4 38. Bxf4 exf4 39. Qe1 Bh3 40. Rh2 Bc8 41. Nb3 Be5 42. Bf1 Rg7 43. Ne2 Qf6 44. Nbc1 Bd4 45. Rgh1 Be3 46. Nd3 Rc7 47. Kb3 Bd7 48. a4 Be8 49. Bh3 Bd7 50. Qf1 Bxh3 51. Qxh3 Rf7 52. Rg2 Nd7 53. Qf5 Nhf8 54. Qxh5 Qg7 55. Qg5 Nf6 56. e5 N6h7 57. Qd8 dxe5 58. Nc3 Rd7 59. Qb8 e4 60. Nxe4 Qd4 61. Rxg6+ Kf7 62. Ne5+ Ke7 63. Nc6+ Kf7 64. Ne5+ Ke7 65. Rg7# 1-0

[Event "Danmarksmesterskabet 1987"]
[Site "Holstebro"]
[Date "1987.04.18"]
[Round "9"]
[White "Danielsen, Henrik"]
[Black "Hoi, Carsten"]
[Result "1-0"]
[WhiteElo "2401"]
[BlackElo "2411"]
[EventDate "1987.04.10"]
[EventType "Round Robin"]
[EventRounds "11"]
[EventCountry "Denmark"]
[SourceTitle "Gl Danbase"]

1. d4 d6 2. c4 g6 3. e4 Bg7 4. Nc3 Nf6 5. Nf3 O-O 6. Be2 Bg4 7. Be3 Nfd7 8. Rc1 e5 9. d5 a5 10. O-O Bxf3 11. Bxf3 f5 12. exf5 gxf5 13. g3 Na6 14. Bg2 Nac5 15. b3 Qe7 16. Nb5 f4 17. Bd2 e4 18. Nxc7 f3 19. Bh3 Qf7 20. Re1 Ne5 21. Ne6 Qh5 22. Bf1 Nxe6 23. dxe6 Ng4 24. h3 Bd4 25. Rxe4 Nxf2 26. Rxd4 Nxh3+ 27. Bxh3 Qxh3 28. Kf2 Qg2+ 29. Ke3 Rf6 30. Rg4+ Kf8 31. Kd3 f2 32. e7+ Kf7 33. Bf4 d5 34. cxd5 Qxd5+ 35. Ke2 Qg2 36. Qf1 Re6+ 37. Be3 Qd5 38. Qxf2+ Rf6 39. Rf4 Qb5+ 40. Rcc4 Qh5+ 41. g4 1-0

[Event "Danmarksmesterskabet 1987"]
[Site "Holstebro"]
[Date "1987.04.12"]
[Round "3"]
[White "Jelling, Erik"]
[Black "Mortensen, Erling"]
[Result "0-1"]
[WhiteElo "2382"]
[BlackElo "2454"]
[EventDate "1987.04.10"]
[EventType "Round Robin"]
[EventRounds "11"]
[EventCountry "Denmark"]
[SourceTitle "Gl Danbase"]

1. d4 Nf6 2. c4 g6 3. Nf3 Bg7 4. Nc3 O-O 5. Bf4 c5 6. d5 d6 7. e4 b5 8. cxb5 a6 9. bxa6 Qa5 10. Nd2 Bxa6 11. Bxa6 Qxa6 12. Qe2 Nbd7 13. Qxa6 Rxa6 14. Ke2 Rb8 15. Nc4 Ng4 16. Bc1 Nb6 17. Nxb6 Raxb6 18. Nd1 Bd4 19. h4 f5 20. f3 Nf6 21. Kd3 fxe4+ 22. fxe4 Ng4 23. h5 Rf8 24. hxg6 hxg6 25. Re1 Nf2+ 26. Kc2 Nxd1 27. Rxd1 Be5 28. Rd2 Rb4 29. Re2 Rf1 30. Kb1 Bf4 31. Rc2 Rxe4 32. a4 Bxc1 0-1

[Event "Danmarksmesterskabet 1987"]
[Site "Holstebro"]
[Date "1987.04.14"]
[Round "5"]
[White "Jelling, Erik"]
[Black "Brinck Claussen, Bjorn"]
[Result "1-0"]
[WhiteElo "2382"]
[BlackElo "2425"]
[EventDate "1987.04.10"]
[EventType "Round Robin"]
[EventRounds "11"]
[EventCountry "Denmark"]
[SourceTitle "Gl Danbase"]

1. d4 Nf6 2. c4 g6 3. Nf3 Bg7 4. Nc3 d6 5. g3 O-O 6. Bg2 Nc6 7. d5 Na5 8. Nd2 c5 9. O-O a6 10. Qc2 Rb8 11. b3 e5 12. Bb2 b5 13. Rab1 Bh6 14. f4 exf4 15. gxf4 Nh5 16. e3 Bf5 17. Nce4 Re8 18. Bf3 Bxe4 19. Nxe4 f5 20. Bxh5 Rxe4 21. Qc3 Kf7 22. Bf3 Re8 23. e4 Rg8 24. exf5 bxc4 25. f6 cxb3 26. Bg4 bxa2 27. Be6+ Kf8 28. Qh3 1-0

[Event "Danmarksmesterskabet 1987"]
[Site "Holstebro"]
[Date "1987.04.19"]
[Round "10"]
[White "Pedersen, Erik"]
[Black "Mortensen, Erling"]
[Result "1-0"]
[WhiteElo "2440"]
[BlackElo "2454"]
[EventDate "1987.04.10"]
[EventType "Round Robin"]
[EventRounds "11"]
[EventCountry "Denmark"]
[SourceTitle "Gl Danbase"]

1. d4 Nf6 2. Nf3 g6 3. c4 Bg7 4. Nc3 O-O 5. Bf4 d6 6. e3 c5 7. d5 a6 8. a4 Nh5 9. Bg5 h6 10. Bh4 g5 11. Nd2 gxh4 12. Qxh5 e6 13. Bd3 exd5 14. cxd5 Nd7 15. O-O Ne5 16. Bf5 Bxf5 17. Qxf5 b5 18. axb5 axb5 19. Rxa8 Qxa8 20. Nxb5 Qxd5 21. Ne4 h3 22. Nbc3 Qe6 23. Qxe6 fxe6 24. Nxd6 Rb8 25. Nce4 Nd3 26. gxh3 Rxb2 27. Ra1 Rb8 28. Ra7 Rd8 29. Re7 Nb2 30. Rxe6 Bf8 31. Nf5 Kf7 32. Rc6 c4 33. Nd4 Bg7 34. Rc7+ 1-0

[Event "Danmarksmesterskabet 1987"]
[Site "Holstebro"]
[Date "1987.04.12"]
[Round "3"]
[White "Schandorff, Lars"]
[Black "Brinck Claussen, Bjorn"]
[Result "1/2-1/2"]
[WhiteElo "2403"]
[BlackElo "2425"]
[EventDate "1987.04.10"]
[EventType "Round Robin"]
[EventRounds "11"]
[EventCountry "Denmark"]
[SourceTitle "Gl Danbase"]

1. d4 Nf6 2. c4 c5 3. d5 b5 4. cxb5 a6 5. e3 axb5 6. Bxb5 Qa5+ 7. Nc3 Bb7 8. Nge2 Nxd5 9. O-O Nf6 10. Ng3 e6 11. e4 Nc6 12. f4 h5 13. e5 h4 14. Nge2 Ng4 15. h3 Nh6 16. Bd3 c4 17. Be4 Qb6+ 18. Kh2 Nb4 19. Bxb7 Qxb7 20. b3 cxb3 21. Qxb3 Nf5 22. a3 Qc6 23. Bd2 Nd3 24. Qb5 Nc5 25. Qxc6 dxc6 26. Rfb1 Be7 27. Nd1 Ne4 28. Bb4 Neg3 29. Ra2 c5 30. Be1 Nxe2 31. Rxe2 g5 32. fxg5 Bxg5 33. Re4 Rxa3 34. Rb8+ Bd8 35. Bf2 Rd3 36. Ne3 O-O 37. Nxf5 exf5 38. Rf4 Bc7 39. Rxf8+ Kxf8 40. Bxc5+ Ke8 41. Rxh4 Bxe5+ 42. Kg1 1/2-1/2

[Event "Danmarksmesterskabet 1987"]
[Site "Holstebro"]
[Date "1987.04.10"]
[Round "1"]
[White "Schandorff, Lars"]
[Black "Mortensen, Erling"]
[Result "1/2-1/2"]
[WhiteElo "2403"]
[BlackElo "2454"]
[EventDate "1987.04.10"]
[EventType "Round Robin"]
[EventRounds "11"]
[EventCountry "Denmark"]
[SourceTitle "Gl Danbase"]

1. d4 Nf6 2. c4 c5 3. d5 b5 4. Nf3 g6 5. cxb5 a6 6. Nc3 axb5 7. d6 Qa5 8. e3 Ba6 9. Nd2 b4 10. Nce4 Nxe4 11. Nxe4 Bxf1 1/2-1/2

[Event "Danmarksmesterskabet 1987"]
[Site "Holstebro"]
[Date "1987.04.20"]
[Round "11"]
[White "Danielsen, Henrik"]
[Black "Fries Nielsen, Niels Jorgen"]
[Result "0-1"]
[WhiteElo "2401"]
[BlackElo "2377"]
[EventDate "1987.04.10"]
[EventType "Round Robin"]
[EventRounds "11"]
[EventCountry "Denmark"]
[SourceTitle "Gl Danbase"]

1. d4 Nf6 2. Nf3 c5 3. d5 d6 4. Nc3 Bf5 5. Nd2 e6 6. e4 Bg6 7. Bb5+ Nbd7 8. dxe6 fxe6 9. O-O a6 10. Bxd7+ Nxd7 11. f4 Bf7 12. a4 Be7 13. a5 O-O 14. Nc4 Qc7 15. f5 b5 16. axb6 Nxb6 17. Ne3 Bf6 18. fxe6 Bxe6 19. Ncd5 Bxd5 20. Nxd5 Nxd5 21. Qxd5+ Qf7 22. Qd3 c4 23. Qe2 Qe6 24. Rd1 Rfe8 25. Ra4 d5 26. Kf1 Qc6 27. Ra5 Rxe4 28. Qh5 Rf8 29. Raxd5 Be5+ 0-1

[Event "Danmarksmesterskabet 1987"]
[Site "Holstebro"]
[Date "1987.04.17"]
[Round "8"]
[White "Fries Nielsen, Jens Ove"]
[Black "Sloth, Jorn"]
[Result "1/2-1/2"]
[WhiteElo "2394"]
[BlackElo "2381"]
[EventDate "1987.04.10"]
[EventType "Round Robin"]
[EventRounds "11"]
[EventCountry "Denmark"]
[SourceTitle "Gl Danbase"]

1. d4 Nf6 2. Nf3 e6 3. Bg5 c5 4. e3 Be7 5. Nbd2 b6 6. Bd3 Bb7 7. c3 cxd4 8. cxd4 Nc6 9. a3 Nd5 10. Bxe7 Qxe7 11. O-O f5 12. b4 O-O 13. Qb3 Kh8 14. Nc4 Rfc8 15. Rfc1 Rc7 16. b5 Nd8 17. Nfd2 Rac8 18. Bf1 1/2-1/2

[Event "Danmarksmesterskabet 1987"]
[Site "Holstebro"]
[Date "1987.04.17"]
[Round "8"]
[White "Hoi, Carsten"]
[Black "Jelling, Erik"]
[Result "1/2-1/2"]
[WhiteElo "2411"]
[BlackElo "2382"]
[EventDate "1987.04.10"]
[EventType "Round Robin"]
[EventRounds "11"]
[EventCountry "Denmark"]
[SourceTitle "Gl Danbase"]

1. d4 d5 2. Nf3 Nf6 3. e3 Bf5 4. Bd3 Bxd3 5. Qxd3 Nbd7 6. O-O e6 7. Nbd2 Be7 8. b3 O-O 9. Bb2 c5 10. e4 dxe4 11. Nxe4 cxd4 12. Bxd4 Qc7 13. Rad1 Rfd8 14. Qe2 Nxe4 15. Qxe4 Bf6 16. Be3 Nf8 17. Bf4 Qb6 18. Ne5 Rxd1 19. Rxd1 Rd8 20. Rxd8 Qxd8 21. h3 Bxe5 22. Bxe5 Qd7 23. c4 f6 24. Bd4 a6 25. Be3 Ng6 26. g3 1/2-1/2

[Event "Danmarksmesterskabet 1987"]
[Site "Holstebro"]
[Date "1987.04.14"]
[Round "5"]
[White "Schandorff, Lars"]
[Black "Pedersen, Erik"]
[Result "1/2-1/2"]
[WhiteElo "2403"]
[BlackElo "2440"]
[EventDate "1987.04.10"]
[EventType "Round Robin"]
[EventRounds "11"]
[EventCountry "Denmark"]
[SourceTitle "Gl Danbase"]

1. d4 Nf6 2. Nf3 b5 3. Qd3 a6 4. e4 e6 5. Bg5 Be7 6. Bxf6 Bxf6 7. e5 Be7 8. Qe4 Bb7 9. Qg4 g6 10. h4 h5 11. Qf4 Bxf3 12. Qxf3 Nc6 13. Qe4 d5 14. exd6 Qxd6 15. c3 O-O 16. Nd2 e5 17. dxe5 Qxe5 18. O-O-O 1/2-1/2

[Event "Danmarksmesterskabet 1987"]
[Site "Holstebro"]
[Date "1987.04.18"]
[Round "9"]
[White "Fries Nielsen, Niels Jorgen"]
[Black "Sahl, Bjarke"]
[Result "1/2-1/2"]
[WhiteElo "2377"]
[BlackElo "2405"]
[EventDate "1987.04.10"]
[EventType "Round Robin"]
[EventRounds "11"]
[EventCountry "Denmark"]
[SourceTitle "Gl Danbase"]

1. d4 d5 2. c3 Nf6 3. Bg5 Nbd7 4. Nd2 h6 5. Bh4 e5 6. dxe5 Nxe5 7. Bg3 Ng6 8. e3 Bd6 9. Ngf3 Bg4 10. Qc2 Bxg3 11. hxg3 Qe7 12. Bd3 Ne5 13. Nxe5 Qxe5 14. Qa4+ c6 15. Rh4 h5 16. Qf4 Nd7 17. Qxe5+ Nxe5 18. Bc2 O-O-O 19. f3 Bd7 20. O-O-O f5 21. Rdh1 g6 22. g4 Rh6 23. g5 Rh7 24. g4 fxg4 25. f4 Rg7 26. fxe5 Re8 27. e4 1/2-1/2